000 00619nam a2200181 a 4500
001 000284698
003 AM-YEHGA
005 20250826102955.0
008 031117s1946 fr |||||||||||000|1|arm|d
040 _aAM-YEHGA
041 1 _aarm
_hara
100 1 _aՄեսրոպ, Լևոն,
_d1880-1960
245 1 0 _aՔէրպէլայի գիշերները :
_bԱրաբական հէքեաթ ու վէպ /
_cԼ. Մեսրոպ.
260 _aՓարիզ :
_bտպ. Խ. Մաթիկեան,
_c1946.
300 _a172 էջ :
_b12 ներդ. թ. նկ. ;
_c18 սմ.
650 1 4 _aՀայ գրականություն
_xՀեքիաթ
942 _2udc
_cBK
999 _c104328
_d104328